[Event "Open Portugal 2019"]
[Site "Lisboa POR"]
[Date "2019.02.02"]
[Round "1.28"]
[White "Gentes Benito, Ángel"]
[Black "Sukandar, Irine Kharisma"]
[Result "1/2-1/2"]
[WhiteElo "1907"]
[BlackElo "2397"]
[WhiteFideId "2225549"]
[BlackFideId "7101937"]
[BlackTitle "IM"]
[WhiteCountry "ESP"]
[BlackCountry "INA"]
[PlyCount "175"]
[EventDate "2019.??.??"]

1. e4 c5 2. Nf3 Nc6 3. Bb5 d6 4. O-O Bd7 5. c3 Nf6 6. Re1 a6 7. Ba4 b5 8. Bc2 e5
9. d4 cxd4 10. cxd4 Be7 11. h3 O-O 12. Nc3 Rc8 13. Bg5 h6 14. Be3 Re8 15. Rc1
Bf8 16. dxe5 Nxe5 17. Nxe5 dxe5 18. Qf3 Bb4 19. Bb3 Qe7 20. Red1 Bxc3 21. bxc3
Bc6 22. Bd5 Bxd5 23. exd5 Qd6 24. a4 Rc4 25. axb5 axb5 26. Rb1 Rb8 27. Rb3 Ne4
28. Bc1 Qg6 29. Ba3 Ng5 30. Qg3 Qc2 31. Rdb1 Ne4 32. Qxe5 Qxf2+ 33. Kh2 Ra8 34.
Bc1 Nf6 35. Qg3 Qxg3+ 36. Kxg3 Ne4+ 37. Kh2 Nxc3 38. R1b2 Kh7 39. Bd2 Na4 40.
Rb1 Rc2 41. Bb4 Nb6 42. d6 Raa2 43. Rg3 f5 44. Rf1 g6 45. Re1 g5 46. Re7+ Kg6
47. Re6+ Kh5 48. Rf6 f4 49. Rg4 Nd7 50. Rf5 Rab2 51. Ba5 b4 52. Bd8 Kg6 53.
Rfxf4 Rxg2+ 54. Rxg2 Rxg2+ 55. Kxg2 gxf4 56. Ba5 b3 57. Bc3 Kf5 58. Kf3 h5 59.
h4 Nc5 60. Bd4 Ne6 61. Bc3 Kg6 62. d7 Kf7 63. d8=Q Nxd8 64. Kxf4 Kg6 65. Ke4 Ne6
66. Kd3 Nf4+ 67. Kc4 Ng2 68. Kxb3 Nxh4 69. Be5 Kf5 70. Bc7 Nf3 71. Kc3 Ke4 72.
Bg3 Nd4 73. Bh4 Ne6 74. Kd2 Kf3 75. Ke1 Kg2 76. Be7 Nd4 77. Bd8 Ne6 78. Be7 Nf4
79. Bd8 Nd3+ 80. Ke2 Ne5 81. Be7 Nf3 82. Bd8 Kg3 83. Kf1 Nd4 84. Kg1 Nc6 85. Bf6
Kg4 86. Kh2 Kf5 87. Bh4 Ne5 88. Bd8 1/2-1/2

[Event "Open Portugal 2019"]
[Site "Lisboa POR"]
[Date "2019.02.02"]
[Round "1.29"]
[White "Martín Duque, Jesus"]
[Black "Partoens, Remi"]
[Result "1/2-1/2"]
[WhiteElo "2393"]
[BlackElo "1904"]
[WhiteFideId "2208954"]
[BlackFideId "237108"]
[WhiteTitle "FM"]
[WhiteCountry "ESP"]
[BlackCountry "BEL"]
[PlyCount "91"]
[EventDate "2019.??.??"]

1. e4 d5 2. exd5 Qxd5 3. Nc3 Qd6 4. d4 Nf6 5. Nf3 c6 6. g3 Bg4 7. Bg2 e6 8. O-O
Qc7 9. Qe1 Bxf3 10. Bxf3 Nbd7 11. Bd2 Bd6 12. Ne4 Nxe4 13. Qxe4 Nf6 14. Qe2 O-O
15. c4 c5 16. dxc5 Bxc5 17. Bc3 Rad8 18. Rfd1 b6 19. Kg2 Rfe8 20. Rxd8 Rxd8 21.
Rd1 Rxd1 22. Qxd1 Qe7 23. a3 a5 24. Qe1 Qd6 25. Qe5 Qxe5 26. Bxe5 Ne8 27. Bc3
Be7 28. b4 axb4 29. axb4 Bf6 30. Bd2 Bd4 31. Be2 Kf8 32. Bd3 h6 33. Kf3 Nd6 34.
Ke2 Ke7 35. Be1 e5 36. Kd2 e4 37. Be2 Ke6 38. Kc2 f5 39. Kb3 Nf7 40. c5 bxc5 41.
Bc4+ Ke7 42. Bxf7 Kxf7 43. Kc4 e3 44. f4 Ke6 45. bxc5 Bb2 46. Bb4 1/2-1/2

[Event "Open Portugal 2019"]
[Site "Lisboa POR"]
[Date "2019.02.02"]
[Round "1.30"]
[White "Jorge, Rita"]
[Black "Krishna Teja, N."]
[Result "1-0"]
[WhiteElo "1902"]
[BlackElo "2391"]
[WhiteFideId "1923161"]
[BlackFideId "5001498"]
[WhiteTitle "WFM"]
[BlackTitle "IM"]
[WhiteCountry "POR"]
[BlackCountry "IND"]
[PlyCount "63"]
[EventDate "2019.??.??"]

1. e4 c6 2. d4 d5 3. Nd2 dxe4 4. Nxe4 Bf5 5. Ng3 Bg6 6. h4 h6 7. h5 Bh7 8. Nf3
e6 9. Bd3 Bxd3 10. Qxd3 Nf6 11. Bf4 Qa5+ 12. Bd2 Bb4 13. Qb3 Bxd2+ 14. Nxd2 Qc7
15. O-O-O Nbd7 16. Qa3 a6 17. Kb1 O-O-O 18. Nde4 Nxe4 19. Nxe4 Nf6 20. Nc5 Rd5
21. c4 Rf5 22. Rh3 Ne8 23. Rb3 Nd6 24. Nxa6 bxa6 25. Qxa6+ Nb7 26. d5 Rd8 27. d6
Rxd6 28. Rxd6 Qxd6 29. Qxb7+ Kd8 30. a3 Ra5 31. Qxf7 Kc8 32. Qg8+ 1-0

[Event "Open Portugal 2019"]
[Site "Lisboa POR"]
[Date "2019.02.02"]
[Round "1.32"]
[White "Takvorian, Richard"]
[Black "Carrasco Martínez, Juan M"]
[Result "0-1"]
[WhiteElo "1898"]
[BlackElo "2380"]
[WhiteFideId "663646"]
[BlackFideId "2207729"]
[BlackTitle "IM"]
[WhiteCountry "FRA"]
[BlackCountry "ESP"]
[PlyCount "66"]
[EventDate "2019.??.??"]

1. Nf3 Nf6 2. d4 c5 3. d5 g6 4. c4 b5 5. Nc3 b4 6. Na4 d6 7. b3 Bg7 8. Bb2 O-O
9. Nd2 Bd7 10. e4 Bxa4 11. bxa4 Nbd7 12. Bd3 Re8 13. O-O Nxe4 14. Bxg7 Nxd2 15.
Qxd2 Kxg7 16. Bc2 e5 17. dxe6 Rxe6 18. Bb3 Qf6 19. Rfe1 Rae8 20. Rad1 Rxe1+ 21.
Rxe1 Rxe1+ 22. Qxe1 Qd4 23. h3 Ne5 24. Qc1 h6 25. Qc2 a5 26. Qe2 Nd3 27. Qc2
Qa1+ 28. Qd1 Qxd1+ 29. Bxd1 Nc1 30. Bb3 Nxb3 31. axb3 d5 32. cxd5 c4 33. d6 Kf6
0-1

[Event "Open Portugal 2019"]
[Site "Lisboa POR"]
[Date "2019.02.02"]
[Round "1.35"]
[White "Miedema, David"]
[Black "Marques, Rui"]
[Result "1-0"]
[WhiteElo "2356"]
[BlackElo "1890"]
[WhiteFideId "1018477"]
[BlackFideId "1903390"]
[WhiteTitle "IM"]
[WhiteCountry "NED"]
[BlackCountry "POR"]
[PlyCount "189"]
[EventDate "2019.??.??"]

1. e4 c5 2. Nf3 d6 3. d4 cxd4 4. Nxd4 Nf6 5. Nc3 g6 6. Be3 Bg7 7. f3 Nc6 8. Qd2
O-O 9. O-O-O d5 10. Kb1 Rb8 11. Ndb5 a6 12. Na7 Ra8 13. Nxc8 Rxc8 14. Nxd5 Nxd5
15. exd5 Ne5 16. Be2 Nc4 17. Bxc4 Rxc4 18. d6 exd6 19. Qxd6 Qe8 20. Bc1 Qc8 21.
Qd3 Qc6 22. Rhe1 Rc8 23. Re2 Rd4 24. Qxd4 Bxd4 25. Rxd4 Re8 26. Rxe8+ Qxe8 27.
b3 Qe1 28. h4 h5 29. a4 b5 30. Re4 Qh1 31. g4 hxg4 32. Re8+ Kg7 33. fxg4 Qxh4
34. g5 f6 35. gxf6+ Kxf6 36. Ra8 bxa4 37. Rxa6+ Kf5 38. Ra5+ Ke6 39. Ra6+ Kf5
40. Ra5+ Ke6 41. Rxa4 Qh1 42. Ra6+ Kf5 43. Ra5+ Ke6 44. Rg5 Kf6 45. Rg4 Kf5 46.
Rf4+ Ke5 47. Rf8 Qg1 48. Ra8 Qh1 49. Rb8 Qf1 50. Kb2 Kd5 51. Rb6 Qg1 52. Rb5+
Kc6 53. Rg5 Qd4+ 54. Kb1 Qf6 55. Ka2 Kb7 56. Rb5+ Kc8 57. Rc5+ Kb7 58. Rb5+ Kc8
59. Rc5+ Kb7 60. Bg5 Qa6+ 61. Kb2 Qd6 62. Be3 Qf6+ 63. Kc1 Qf1+ 64. Kd2 Qg2+ 65.
Kc3 Qg3 66. Rb5+ Kc8 67. Rc5+ Kb7 68. Kd3 Qg2 69. Rb5+ Kc8 70. Rc5+ Kb7 71. Rb5+
Kc8 72. Rg5 Qf1+ 73. Ke4 Qd1 74. Rc5+ Kb7 75. Rb5+ Kc8 76. Rc5+ Kb7 77. Bg5 Qg4+
78. Kd3 Qf3+ 79. Kc4 Qe2+ 80. Kd5 Qg4 81. Kd6 Qe2 82. Be7 Qg4 83. Rb5+ Kc8 84.
Re5 Kb7 85. Rc5 Qh3 86. b4 Qg3+ 87. Ke6 Qe3+ 88. Kf7 Qe4 89. c3 Qe3 90. Bf6 Qh6
91. Rg5 Qh1 92. Rb5+ Kc6 93. Rg5 Kd7 94. Kxg6 Qe4+ 95. Kg7 1-0

[Event "Open Portugal 2019"]
[Site "Lisboa POR"]
[Date "2019.02.02"]
[Round "1.37"]
[White "Tryggestad, Andreas Garberg"]
[Black "Fanha, Paulo"]
[Result "1/2-1/2"]
[WhiteElo "2351"]
[BlackElo "1884"]
[WhiteFideId "1513338"]
[BlackFideId "1902148"]
[WhiteTitle "FM"]
[BlackTitle "CM"]
[WhiteCountry "NOR"]
[BlackCountry "POR"]
[PlyCount "79"]
[EventDate "2019.??.??"]

1. e4 c5 2. c3 d5 3. exd5 Nf6 4. Bb5+ Nbd7 5. Nf3 Nxd5 6. d4 e6 7. O-O Be7 8.
Nbd2 a6 9. Bd3 cxd4 10. Nxd4 Ne5 11. Bc2 Qc7 12. Re1 Nc6 13. Ne4 Bd7 14. Nb3
O-O-O 15. Qf3 Ne5 16. Qg3 Ng6 17. Qxc7+ Kxc7 18. Ng5 Bxg5 19. Bxg5 f6 20. Bd2 e5
21. c4 Ndf4 22. c5 Kb8 23. g3 Ne6 24. Be4 Ba4 25. Be3 Ne7 26. Na5 Bc6 27. Nxc6+
Nxc6 28. Rac1 Ncd4 29. Bg2 Rc8 30. b4 g5 31. Kf1 h5 32. Rc4 Rhd8 33. a4 Nf5 34.
Rec1 Nxe3+ 35. fxe3 f5 36. c6 e4 37. b5 axb5 38. axb5 Rd5 39. Rb4 Rcd8 40. Rbc4
1/2-1/2

[Event "Open Portugal 2019"]
[Site "Lisboa POR"]
[Date "2019.02.02"]
[Round "1.39"]
[White "Aguera Naredo, Javier"]
[Black "Simões, Miguel"]
[Result "1-0"]
[WhiteElo "2346"]
[BlackElo "1881"]
[WhiteFideId "2204169"]
[BlackFideId "1946307"]
[WhiteTitle "FM"]
[WhiteCountry "ESP"]
[BlackCountry "POR"]
[PlyCount "81"]
[EventDate "2019.??.??"]

1. e4 e5 2. Bc4 Nf6 3. d3 h6 4. Nc3 Nc6 5. a3 d6 6. Nge2 Be7 7. O-O O-O 8. f4
Bg4 9. h3 Bxe2 10. Qxe2 Nd4 11. Qf2 Ne6 12. f5 Nd4 13. Be3 c5 14. Nd5 Nxd5 15.
Bxd5 Bf6 16. c3 Nc6 17. b4 cxb4 18. axb4 a6 19. Rab1 Qd7 20. b5 Ne7 21. bxa6
Nxd5 22. axb7 Rab8 23. exd5 Rxb7 24. c4 Rfb8 25. Rxb7 Qxb7 26. Qa2 Qb3 27. Qxb3
Rxb3 28. Rd1 e4 29. Bf4 Bd4+ 30. Kf1 e3 31. Re1 Rxd3 32. Bxd6 Bc3 33. Rc1 Bb2
34. Rc2 Bf6 35. Ke2 Rb3 36. c5 Ra3 37. c6 Ra8 38. c7 Rc8 39. Kxe3 g6 40. Bb4 Be5
41. d6 1-0

[Event "Open Portugal 2019"]
[Site "Lisboa POR"]
[Date "2019.02.02"]
[Round "1.41"]
[White "Pastar, Slaven"]
[Black "Serafim Junior, Arnor"]
[Result "1-0"]
[WhiteElo "2330"]
[BlackElo "1876"]
[WhiteFideId "14402718"]
[BlackFideId "2130750"]
[WhiteTitle "FM"]
[WhiteCountry "BIH"]
[BlackCountry "BRA"]
[PlyCount "75"]
[EventDate "2019.02.02"]

1. d4 Nf6 2. c4 d6 3. Nc3 Nbd7 4. e4 e5 5. Nf3 Be7 6. Be2 O-O 7. O-O Re8 8. Qc2
c6 9. Rb1 a6 10. Rd1 Qc7 11. b4 b5 12. a4 Rb8 13. cxb5 cxb5 14. axb5 axb5 15.
Qd3 Bb7 16. d5 Ba6 17. Ra1 Rec8 18. Bd2 Qb7 19. Ra2 Nb6 20. Rda1 Ra8 21. Be3 Nc4
22. Nd2 Nxd2 23. Qxd2 Bd8 24. h3 Bb6 25. Bxb5 Bxb5 26. Rxa8 Rxa8 27. Rxa8+ Qxa8
28. Bxb6 Qa6 29. Bd8 Bd3 30. Bxf6 gxf6 31. Qb2 Qb6 32. b5 Kf8 33. Kh2 Ke7 34.
Kg3 f5 35. exf5 Kf6 36. Qd2 Bxf5 37. Qh6+ Ke7 38. Qg5+ 1-0

[Event "Open Portugal 2019"]
[Site "Lisboa POR"]
[Date "2019.02.02"]
[Round "1.42"]
[White "Castanheira, António"]
[Black "Gu, Xiaobing"]
[Result "0-1"]
[WhiteElo "1875"]
[BlackElo "2326"]
[WhiteFideId "1901788"]
[BlackFideId "8602611"]
[BlackTitle "WGM"]
[WhiteCountry "POR"]
[BlackCountry "CHN"]
[PlyCount "56"]
[EventDate "2019.02.02"]

1. d4 Nf6 2. c4 g6 3. Nf3 Bg7 4. g3 O-O 5. Bg2 d6 6. Nc3 Nbd7 7. O-O e5 8. dxe5
dxe5 9. h3 Qe7 10. b3 e4 11. Nd4 c6 12. Qc2 Nh5 13. Be3 f5 14. Rad1 Be5 15. Qc1
Bc7 16. Bf4 Nxf4 17. gxf4 Nc5 18. b4 Ne6 19. Nxe6 Bxe6 20. c5 Qh4 21. e3 g5 22.
Ne2 Rf7 23. a3 Rg7 24. Rd4 gxf4 25. exf4 Qxh3 26. Ng3 Qg4 27. Qd1 Qxf4 28. Qh5
Rxg3 0-1

[Event "Open Portugal 2019"]
[Site "Lisboa POR"]
[Date "2019.02.02"]
[Round "1.43"]
[White "Fus, Jakub"]
[Black "Hansen, Verner"]
[Result "1-0"]
[WhiteElo "2326"]
[BlackElo "1874"]
[WhiteFideId "1193023"]
[BlackFideId "1425285"]
[WhiteCountry "POL"]
[BlackCountry "DEN"]
[PlyCount "87"]
[EventDate "2019.02.02"]

1. e4 e5 2. Nf3 Nc6 3. Bb5 a6 4. Ba4 Nf6 5. d3 Bc5 6. O-O d6 7. c3 b5 8. Bb3 Bg4
9. Nbd2 O-O 10. h3 Bh5 11. Re1 b4 12. Nf1 h6 13. Ng3 Bg6 14. Ba4 Na7 15. d4 exd4
16. cxd4 Bb6 17. Nh4 Bh7 18. Nhf5 Bxf5 19. Nxf5 Kh7 20. Qd3 Ng8 21. Be3 g6 22.
Ng3 Nc8 23. Rac1 Nce7 24. f4 f5 25. exf5 Nxf5 26. Nxf5 Rxf5 27. Bc6 Rc8 28. Bb7
Rb8 29. Be4 Rf6 30. d5 Ne7 31. Bxb6 Rxb6 32. g3 Qb8 33. Re2 Qa7 34. Kh2 a5 35.
Bg2 Nf5 36. g4 Nh4 37. Re7+ Kg8 38. Rcxc7 Qb8 39. Qd4 Qf8 40. Rg7+ Qxg7 41.
Rxg7+ Kxg7 42. g5 hxg5 43. fxg5 Rb7 44. gxf6+ 1-0

[Event "Open Portugal 2019"]
[Site "Lisboa POR"]
[Date "2019.02.02"]
[Round "1.44"]
[White "Quintino, Luís"]
[Black "Shailesh, Dravid"]
[Result "0-1"]
[WhiteElo "1868"]
[BlackElo "2324"]
[WhiteFideId "1904086"]
[BlackFideId "25017969"]
[BlackTitle "FM"]
[WhiteCountry "POR"]
[BlackCountry "IND"]
[PlyCount "58"]
[EventDate "2019.02.02"]

1. d4 Nf6 2. c4 g6 3. Nc3 Bg7 4. e4 d6 5. Be2 O-O 6. Nf3 Nbd7 7. Be3 e5 8. dxe5
dxe5 9. O-O c6 10. Qd2 Ng4 11. Rfd1 Nxe3 12. Qxe3 Qe7 13. a3 Nc5 14. b4 Ne6 15.
Bf1 Nd4 16. Ra2 a5 17. b5 Bg4 18. Be2 Rad8 19. h3 Be6 20. bxc6 bxc6 21. Na4
Nxe2+ 22. Qxe2 Bxc4 23. Qxc4 Rxd1+ 24. Kh2 Qf6 25. Qe2 Rfd8 26. Nc5 Bf8 27. Nb3
R1d3 28. Nbd2 Bxa3 29. Ne1 Rxd2 0-1

[Event "Open Portugal 2019"]
[Site "Lisboa POR"]
[Date "2019.02.02"]
[Round "1.45"]
[White "Godzwon, Iwo"]
[Black "Marques, Pedro Godinho"]
[Result "1-0"]
[WhiteElo "2322"]
[BlackElo "1848"]
[WhiteFideId "21802483"]
[BlackFideId "1928414"]
[WhiteTitle "FM"]
[WhiteCountry "POL"]
[BlackCountry "POR"]
[PlyCount "75"]
[EventDate "2019.02.02"]

1. d4 d5 2. c4 e6 3. Nf3 c5 4. cxd5 exd5 5. Nc3 Nc6 6. Bg5 f6 7. Be3 c4 8. g3
Nge7 9. Bg2 Nf5 10. Qd2 Bb4 11. O-O Bxc3 12. Qxc3 Nxe3 13. Qxe3+ Qe7 14. Qc3 Qb4
15. Nd2 Qxc3 16. bxc3 Be6 17. e4 Ne7 18. Rfe1 Kf7 19. exd5 Nxd5 20. Rxe6 Kxe6
21. Re1+ Kd7 22. Bxd5 Rae8 23. Rb1 b6 24. Bxc4 Kc7 25. Nf1 g6 26. Ne3 Rhf8 27.
Bb5 Rd8 28. Re1 Rf7 29. Bc4 Rff8 30. Nd5+ Kd6 31. Bb3 b5 32. c4 bxc4 33. Bxc4
Rc8 34. Bb3 Rb8 35. Nc3 Rfe8 36. Ne4+ Ke7 37. Ng5+ Kf8 38. Ne6+ 1-0

[Event "Open Portugal 2019"]
[Site "Lisboa POR"]
[Date "2019.02.02"]
[Round "1.46"]
[White "Gonçalves, Gabriel"]
[Black "Napoli, Nicolo"]
[Result "0-1"]
[WhiteElo "1845"]
[BlackElo "2316"]
[WhiteFideId "1945610"]
[BlackFideId "813702"]
[BlackTitle "FM"]
[WhiteCountry "POR"]
[BlackCountry "ITA"]
[PlyCount "90"]
[EventDate "2019.02.02"]

1. e4 g6 2. Nc3 Bg7 3. g3 c5 4. Bg2 Nc6 5. Nge2 e6 6. O-O h5 7. f4 Nge7 8. d3 a6
9. Be3 Nd4 10. Bf2 Qb6 11. Rb1 d6 12. Nxd4 Bxd4 13. Kh1 Bd7 14. Bxd4 cxd4 15.
Ne2 e5 16. h3 f5 17. h4 fxe4 18. dxe4 Bg4 19. Bf3 Bh3 20. Bg2 Bxg2+ 21. Kxg2 Qc6
22. Qd3 Nf5 23. Kh2 Ne3 24. Rfc1 Ng4+ 25. Kg1 O-O 26. c3 dxc3 27. Qd5+ Qxd5 28.
exd5 cxb2 29. Rxb2 Rf7 30. Rb6 Rd8 31. fxe5 Nxe5 32. Nf4 Rfd7 33. Kf2 Re8 34.
Rcb1 Ree7 35. Rc1 Kh7 36. Ne6 Re8 37. Rcb1 Rb8 38. Rxa6 Rc8 39. Rab6 Rc2+ 40.
Kf1 Rf7+ 41. Nf4 Rcc7 42. Ke2 Nc4 43. Ne6 Nxb6 44. Ng5+ Kg8 45. Nxf7 Nxd5 0-1

[Event "Open Portugal 2019"]
[Site "Lisboa POR"]
[Date "2019.02.02"]
[Round "1.47"]
[White "Bartel, Michal"]
[Black "Gomes, José Luis"]
[Result "1-0"]
[WhiteElo "2306"]
[BlackElo "1844"]
[WhiteFideId "1119257"]
[BlackFideId "1901710"]
[WhiteTitle "FM"]
[WhiteCountry "POL"]
[BlackCountry "POR"]
[PlyCount "75"]
[EventDate "2019.02.02"]

1. e4 c5 2. Nf3 d6 3. Bb5+ Bd7 4. c4 Bxb5 5. cxb5 Nf6 6. Nc3 g6 7. d4 cxd4 8.
Nxd4 Bg7 9. O-O O-O 10. Be3 Nbd7 11. Qe2 Nc5 12. f3 Rc8 13. Rfd1 a5 14. bxa6
Nxa6 15. e5 Ne8 16. exd6 Nxd6 17. Ndb5 Qa5 18. Nxd6 exd6 19. Bd4 Rfe8 20. Qf2
Bxd4 21. Rxd4 Re6 22. Rad1 Nb4 23. a3 Nc6 24. Rd5 Qa6 25. Rxd6 Rxd6 26. Rxd6 Rd8
27. Rxd8+ Nxd8 28. h4 h5 29. Ne4 Ne6 30. Qe3 Kg7 31. Qc3+ Kf8 32. Qh8+ Ke7 33.
Qf6+ Kf8 34. Kh2 Qd3 35. Qh8+ Ke7 36. Qb8 Qd5 37. b4 Qb5 38. Qd6+ 1-0

[Event "Open Portugal 2019"]
[Site "Lisboa POR"]
[Date "2019.02.02"]
[Round "1.49"]
[White "Ilic, Zoran"]
[Black "Santos, Isabel P"]
[Result "1-0"]
[WhiteElo "2302"]
[BlackElo "1825"]
[WhiteFideId "901733"]
[BlackFideId "1921681"]
[WhiteTitle "IM"]
[WhiteCountry "SRB"]
[BlackCountry "POR"]
[PlyCount "35"]
[EventDate "2019.02.02"]

1. d4 d5 2. Nf3 Nf6 3. c4 dxc4 4. Qa4+ c6 5. Qxc4 e6 6. g3 Nbd7 7. Bg2 c5 8. O-O
cxd4 9. Nxd4 Bc5 10. Nc3 O-O 11. Rd1 Qe7 12. Nb3 h6 13. Nxc5 Nxc5 14. Be3 Nfd7
15. Rac1 a6 16. b4 b5 17. Bxc5 Nxc5 18. Qxc5 1-0

[Event "Open Portugal 2019"]
[Site "Lisboa POR"]
[Date "2019.02.02"]
[Round "1.50"]
[White "Selva Salvador, Antonio"]
[Black "Kowalski, Igor"]
[Result "0-1"]
[WhiteElo "1825"]
[BlackElo "2296"]
[WhiteFideId "2223821"]
[BlackFideId "1172468"]
[BlackTitle "FM"]
[WhiteCountry "ESP"]
[BlackCountry "POL"]
[PlyCount "76"]
[EventDate "2019.02.02"]

1. d4 Nf6 2. Nf3 g6 3. b3 Bg7 4. Bb2 O-O 5. Nbd2 d5 6. e3 a5 7. Rc1 a4 8. a3
axb3 9. cxb3 Bf5 10. Nh4 Bd7 11. Bd3 Ne8 12. g3 Bh3 13. Bf1 Bxf1 14. Kxf1 Nd7
15. Nhf3 c5 16. Qc2 cxd4 17. exd4 f6 18. Kg2 e5 19. Rhe1 e4 20. Ng1 f5 21. f4
Rf6 22. Re3 Rc6 23. Rc3 Rac8 24. Rxc6 Rxc6 25. Qd1 Nc5 26. Rxc5 Rxc5 27. dxc5
Bxb2 28. Nb1 Bf6 29. b4 d4 30. Qb3+ Kg7 31. Nh3 e3 32. Ng5 Bxg5 33. fxg5 Qe7 34.
Qd1 Qe4+ 35. Qf3 Qxb1 36. Qxb7+ Kf8 37. Qxh7 e2 38. Qh8+ Kf7 0-1

[Event "Open Portugal 2019"]
[Site "Lisboa POR"]
[Date "2019.02.02"]
[Round "1.51"]
[White "Storme, Isak"]
[Black "Aguiar, Carlos"]
[Result "1-0"]
[WhiteElo "2290"]
[BlackElo "1822"]
[WhiteFideId "1728113"]
[BlackFideId "1902571"]
[WhiteTitle "FM"]
[WhiteCountry "SWE"]
[BlackCountry "POR"]
[PlyCount "73"]
[EventDate "2019.02.02"]

1. a3 c5 2. Nf3 Nc6 3. c4 d6 4. Nc3 Nf6 5. g3 g6 6. Bg2 Bg7 7. O-O O-O 8. Rb1 a5
9. d3 Bd7 10. Ne1 Rb8 11. Nc2 Nd4 12. b4 Nxc2 13. Qxc2 axb4 14. axb4 cxb4 15.
Rxb4 Bc6 16. e4 Qa5 17. Rb1 Rfc8 18. Be3 Qd8 19. Bb6 Qe8 20. d4 Ra8 21. Qb3 e5
22. d5 Bd7 23. Rfc1 Ra6 24. Be3 Rc7 25. Nb5 Bxb5 26. cxb5 Rxc1+ 27. Rxc1 Ra5 28.
Bh3 Ra8 29. Qb4 Qd8 30. b6 Ne8 31. Kg2 h5 32. Qb5 Nf6 33. Bg5 Kh7 34. Rc7 Ra2
35. Qb4 Qa8 36. Bxf6 Bxf6 37. Rxf7+ 1-0

[Event "Open Portugal 2019"]
[Site "Lisboa POR"]
[Date "2019.02.02"]
[Round "1.52"]
[White "Elias, Benjamim"]
[Black "Sörensen, Hampus"]
[Result "0-1"]
[WhiteElo "1819"]
[BlackElo "2289"]
[WhiteFideId "1903578"]
[BlackFideId "8703884"]
[WhiteCountry "POR"]
[BlackCountry "SWE"]
[PlyCount "78"]
[EventDate "2019.02.02"]

1. f4 d5 2. e3 g6 3. d4 Bg7 4. Bd3 Nh6 5. Nf3 O-O 6. O-O c5 7. c3 Bf5 8. dxc5
Nc6 9. Nd4 Bxd3 10. Qxd3 e5 11. Nxc6 bxc6 12. Qa6 Qc7 13. Nd2 Rfe8 14. Nb3 Nf5
15. g4 Nh6 16. h3 Qd7 17. Bd2 exf4 18. Rxf4 f5 19. gxf5 Nxf5 20. Rf3 Re4 21. Qf1
Rae8 22. Re1 Be5 23. Nd4 Nh4 24. Re2 Bxd4 25. cxd4 Nxf3+ 26. Qxf3 Qf5 27. Rf2
Rf8 28. Qg3 Qxf2+ 29. Qxf2 Rxf2 30. Kxf2 a6 31. Ba5 Kf7 32. Bc7 Re7 33. Bb6 Ke6
34. Kf3 Rf7+ 35. Ke2 Rf5 36. h4 Rf8 37. b3 h6 38. Ba5 Kf5 39. Kf3 g5 0-1

[Event "Open Portugal 2019"]
[Site "Lisboa POR"]
[Date "2019.02.02"]
[Round "1.53"]
[White "Chingüün, Sumiya"]
[Black "Chingüün, Bayaraa"]
[Result "1-0"]
[WhiteElo "2286"]
[BlackElo "1817"]
[WhiteFideId "4902572"]
[BlackFideId "2076608"]
[BlackTitle "CM"]
[WhiteCountry "MGL"]
[BlackCountry "MGL"]
[PlyCount "103"]
[EventDate "2019.02.02"]

1. e4 c5 2. Nf3 d6 3. d4 cxd4 4. Nxd4 Nf6 5. Nc3 a6 6. f4 e5 7. Nf3 Qc7 8. a4
Be7 9. Bd3 Nc6 10. O-O O-O 11. Kh1 Bd7 12. Qe1 Nb4 13. fxe5 dxe5 14. Qg3 Nc6 15.
Nd5 Qd6 16. Nxe7+ Qxe7 17. Bg5 Qe6 18. Qh4 Ne8 19. Be3 h6 20. Bc5 Nd6 21. Rad1
Rfd8 22. Bxd6 Qxd6 23. Bxa6 Qb4 24. Bb5 Be6 25. Rxd8+ Nxd8 26. b3 f6 27. Qf2
Qxe4 28. Qd2 Nf7 29. Re1 Qg4 30. Qf2 Rc8 31. Bd3 Ng5 32. Nxg5 hxg5 33. Be4 Rb8
34. Qb6 Bf5 35. Bf3 Qf4 36. Bxb7 Kh7 37. Qc7 Rh8 38. Qf7 Bg6 39. Qc4 Qd2 40. Qe2
Qxc2 41. Qxc2 Bxc2 42. a5 Rb8 43. a6 Bd3 44. a7 Rxb7 45. a8=Q Rxb3 46. h3 Bf5
47. Qe8 Bg6 48. Qe6 Rb4 49. Rc1 Rb2 50. Rc7 Be4 51. Qxf6 Bxg2+ 52. Kg1 1-0

[Event "Open Portugal 2019"]
[Site "Lisboa POR"]
[Date "2019.02.02"]
[Round "1.54"]
[White "Maselli, Daniel"]
[Black "Risting, Eivind Olav"]
[Result "0-1"]
[WhiteElo "1816"]
[BlackElo "2282"]
[WhiteFideId "2814140"]
[BlackFideId "1517333"]
[BlackTitle "FM"]
[WhiteCountry "ITA"]
[BlackCountry "NOR"]
[PlyCount "106"]
[EventDate "2019.02.02"]

1. d4 Nf6 2. Nf3 c5 3. c3 d5 4. Bf4 Nc6 5. e3 Bf5 6. Bd3 Bxd3 7. Qxd3 e6 8. Nbd2
Bd6 9. Bxd6 Qxd6 10. dxc5 Qxc5 11. O-O e5 12. e4 Rd8 13. exd5 Qxd5 14. Qc2 O-O
15. Rfe1 Rfe8 16. Rad1 Qxa2 17. Nb3 Rxd1 18. Rxd1 Qa4 19. Ne1 Qc4 20. Nd3 b6 21.
Nd2 Qe6 22. Nf1 g6 23. b4 e4 24. Nf4 Qe5 25. Ne2 Rc8 26. Qb3 Kg7 27. Ne3 Qe8 28.
Nc4 Rd8 29. b5 Rxd1+ 30. Qxd1 Ne5 31. Nd6 Qe6 32. Nf4 Qa2 33. h3 Qa3 34. Ne2 Qc5
35. Qd4 Qxd4 36. cxd4 Nd3 37. Nc8 Nd5 38. Nxa7 f5 39. Nc8 Kf6 40. Nd6 Nb2 41.
Kf1 Ke6 42. Nc8 Nd3 43. g3 Kd7 44. Na7 N3b4 45. Ke1 Kc7 46. Kd1 Kb7 47. Nc6 Nxc6
48. bxc6+ Kxc6 49. g4 f4 50. g5 Kb5 51. Kc2 Kc4 52. Kd2 b5 53. Kc2 b4 0-1

[Event "Open Portugal 2019"]
[Site "Lisboa POR"]
[Date "2019.02.02"]
[Round "1.55"]
[White "Pacan-Milej, Kosma"]
[Black "Næss, Sara"]
[Result "1/2-1/2"]
[WhiteElo "2273"]
[BlackElo "1815"]
[WhiteFideId "21800537"]
[BlackFideId "1516191"]
[WhiteTitle "FM"]
[WhiteCountry "POL"]
[BlackCountry "NOR"]
[PlyCount "79"]
[EventDate "2019.02.02"]

1. d4 Nf6 2. c4 g6 3. f3 Bg7 4. e4 d6 5. Ne2 O-O 6. Be3 e5 7. Nbc3 Nc6 8. d5 Ne7
9. Qd2 Nd7 10. g4 f5 11. gxf5 gxf5 12. O-O-O Ng6 13. Bg5 Bf6 14. Bh6 Bg7 15.
Bxg7 Kxg7 16. exf5 Rxf5 17. Ng3 Rf7 18. Bd3 Nc5 19. Bc2 Qh4 20. Nce4 Nxe4 21.
Bxe4 Bh3 22. Rhg1 Kh8 23. Qe3 Qf4 24. Qxf4 Nxf4 25. Kd2 Rg8 26. Ke3 a5 27. Rd2
Rfg7 28. Rc1 b6 29. a3 Ra8 30. b4 axb4 31. axb4 Ra3+ 32. Kf2 h5 33. c5 bxc5 34.
bxc5 dxc5 35. Rxc5 h4 36. Rdc2 hxg3+ 37. hxg3 Nd3+ 38. Bxd3 Rxd3 39. Rxc7 Rxd5
40. g4 1/2-1/2

[Event "Open Portugal 2019"]
[Site "Lisboa POR"]
[Date "2019.02.02"]
[Round "1.56"]
[White "Basílio, Rodrigo"]
[Black "Bubalovic, Davorin"]
[Result "0-1"]
[WhiteElo "1808"]
[BlackElo "2249"]
[WhiteFideId "1941380"]
[BlackFideId "14500515"]
[BlackTitle "FM"]
[WhiteCountry "POR"]
[BlackCountry "CRO"]
[PlyCount "72"]
[EventDate "2019.02.02"]

1. e4 c5 2. Nf3 e6 3. d4 cxd4 4. Nxd4 a6 5. Nc3 Qc7 6. Be3 Nf6 7. a3 b5 8. Bd3
Nc6 9. Nxc6 dxc6 10. O-O e5 11. h3 Bd6 12. Ne2 Be6 13. Ng3 c5 14. c4 bxc4 15.
Bc2 O-O 16. Nf5 Rfd8 17. Nxd6 Rxd6 18. Qe2 Rb6 19. Bc1 Nd7 20. Qe3 f6 21. Qg3
Kh8 22. Qh4 Bg8 23. Ba4 Nf8 24. Qg3 Ne6 25. Bd1 Rd8 26. Bg4 Nd4 27. Rb1 Qb7 28.
Bf3 c3 29. b4 c2 30. Rb2 cxb4 31. axb4 Rxb4 32. Rxb4 Qxb4 33. Bh6 gxh6 34. Qh4
Qf8 35. Rc1 Nxf3+ 36. gxf3 Rd1+ 0-1